000 00625nam a2200277Ia 4500
005 20260324150337.0
008 008 260324s9999 xx 000 0 eng d
020 _a9781003361954
037 _aEBOOK
040 _aCRL
040 _beng
040 _cCRL
041 _2eng
041 _aeng
084 _qCRL
100 _aW.E.F. Ward
_91225090
245 0 _aGovernment in West Africa
260 _bTaylor and Francis
260 _c1968
365 _a
365 _b160
856 _uhttp://www.taylorfrancis.com/books/9781003361954
942 _cEBOOK
999 _c1835389
_d1835389